Catholic University of Zimbabwe Library
Online Public Access Catalogue
(OPAC)

One Word - Yak Kaleme (Record no. 34215)

MARC details
000 -LEADER
fixed length control field 02198nam a22003737a 4500
001 - CONTROL NUMBER
control field 100447
003 - CONTROL NUMBER IDENTIFIER
control field KnowledgeUnlatched
005 - DATE AND TIME OF LATEST TRANSACTION
control field 20210303105344.0
006 - FIXED-LENGTH DATA ELEMENTS--ADDITIONAL MATERIAL CHARACTERISTICS
fixed length control field m o d
007 - PHYSICAL DESCRIPTION FIXED FIELD--GENERAL INFORMATION
fixed length control field cr u||||||||||
008 - FIXED-LENGTH DATA ELEMENTS--GENERAL INFORMATION
fixed length control field 210129p20102017mau o u00| u eng d
035 ## - SYSTEM CONTROL NUMBER
System control number (OCoLC)746747219
037 ## - SOURCE OF ACQUISITION
Institution to which field applies BiblioBoard
020 ## - INTERNATIONAL STANDARD BOOK NUMBER
International Standard Book Number 9789087282844
029 1# - OTHER SYSTEM CONTROL NUMBER (OCLC)
OCLC library identifier https://library.biblioboard.com/ext/api/media/fdc8b9b8-f508-4900-a9f3-39dcf0d468ba/assets/thumbnail.jpg
040 ## - CATALOGING SOURCE
Original cataloging agency ScCtBLL
Transcribing agency ScCtBLL
100 1# - MAIN ENTRY--PERSONAL NAME
Personal name Seyed-Gohrab, A. A.
Relator term author.
245 00 - TITLE STATEMENT
Title One Word - Yak Kaleme
Remainder of title 19th-Century Persian Treatise Introducing Western Codified Law /
Statement of responsibility, etc. A. A. Seyed-Gohrab, S. McGlinn.
264 #1 - PRODUCTION, PUBLICATION, DISTRIBUTION, MANUFACTURE, AND COPYRIGHT NOTICE
Name of producer, publisher, distributor, manufacturer Leiden University Press,
300 ## - PHYSICAL DESCRIPTION
Extent 1 online resource (145 p.)
506 0# - RESTRICTIONS ON ACCESS NOTE
Terms governing access Access copy available to the general public.
Standardized terminology for access restriction Unrestricted
Source of term star
520 ## - SUMMARY, ETC.
Summary, etc. One Word - Yak Kaleme is one of the first treatises in the Middle East to demonstrate that Islam is compatible with modern western forms of government, and specifically that sharia principles can be incorporated in a codified law comparable to that found in Europe. Unlike many fellow Oriental travellers, the author observed that European dominance is not derived from a few technological advances, but primarily from the organization of society. In One Word, the author argues that the principles underlying constitutional government can be found in Islamic sources. One Word is a significant text during the Iranian Constitutional Revolution of 1906, but its message is relevant today.
588 0# - SOURCE OF DESCRIPTION NOTE
Source of description note Description based on print version record.
590 ## - LOCAL NOTE (RLIN)
Local note KU Select 2016 Backlist Collection
650 #7 - SUBJECT ADDED ENTRY--TOPICAL TERM
Topical term or geographic name entry element Law / Constitutional
Source of heading or term bisacsh
650 #0 - SUBJECT ADDED ENTRY--TOPICAL TERM
Topical term or geographic name entry element Law
655 #0 - INDEX TERM--GENRE/FORM
Genre/form data or focus term Electronic books.
700 1# - ADDED ENTRY--PERSONAL NAME
Personal name McGlinn, S.
Relator term author.
758 ## -
-- Is found in:
-- Knowledge Unlatched
-- https://openresearchlibrary.org/module/2774bc74-146a-484f-a7ba-ab1d6a09bbfb
856 40 - ELECTRONIC LOCATION AND ACCESS
Uniform Resource Identifier <a href="https://openresearchlibrary.org/content/fdc8b9b8-f508-4900-a9f3-39dcf0d468ba">https://openresearchlibrary.org/content/fdc8b9b8-f508-4900-a9f3-39dcf0d468ba</a>
Public note View this content on Open Research Library.
-- 0
Holdings
Withdrawn status Lost status Source of classification or shelving scheme Damaged status Not for loan Home library Current library Shelving location Date acquired Total Checkouts Date last seen Uniform Resource Identifier Price effective from Koha item type
          Digital Library Digital Library Online Access 03.03.2021   03.03.2021 https://openresearchlibrary.org/content/fdc8b9b8-f508-4900-a9f3-39dcf0d468ba 03.03.2021 eBook

OPENING HOURS

Weekdays: 0815hrs - 1800hrs
Weekends:0900hrs - 1200hrs

Closed for Mass:

Mon, Thur: 1200hrs - 1300hrs
Sunday & Public Holiday’s

CALL SUPPORT

0242-570570, 0242-570169
09200664, +263 8644140602

LOCATION

18443, Cranborne Avenue, Hatfield, Harare

Other Links


©2021 | CUZ Library